书目信息 |
| 题名: |
组合导航智能容错与故障检测方法
|
|
| 作者: | 高运广 , 李峰 , 马长林 , 刘志国 著 | |
| 分册: | ||
| 出版信息: | 西安 西安电子科技大学出版社 2019.07 |
|
| 页数: | 192页 | |
| 开本: | 26cm | |
| 丛书名: | ||
| 单 册: | ||
| 中图分类: | TN967.2 | |
| 科图分类: | ||
| 主题词: | 组合导航--zu he dao hang--容错技术 , 组合导航--zu he dao hang--故障检测 | |
| 电子资源: | ||
| ISBN: | 978-7-5606-5302-0 | |
| 000 | 01335nam0 2200337 450 | |
| 001 | CAL 0120192822812 | |
| 005 | 20190805163925.6 | |
| 010 | @a978-7-5606-5302-0@dCNY32.00 | |
| 100 | @a20190805d2019 em y0chiy50 ea | |
| 101 | 0 | @achi |
| 102 | @aCN@b610000 | |
| 105 | @aak a 000yy | |
| 106 | @ar | |
| 200 | 1 | @a组合导航智能容错与故障检测方法@Azu he dao hang zhi neng rong cuo yu gu zhang jian ce fang fa@f高运广 ... [等] 著@Fgao yun guang ... [ deng ] zhu |
| 210 | @a西安@c西安电子科技大学出版社@d2019.07 | |
| 215 | @a192页@c图@d26cm | |
| 304 | @a题名页题其余责任者: 李峰, 马长林, 刘志国 | |
| 312 | @a英文题名取自封面 | |
| 320 | @a有书目 | |
| 330 | @a本书主要介绍了组合导航原理、技术与实现方法, 结合近些年来智能计算方法的发展, 重点讨论了遗传算法、模糊理论、神经网络、支持向量机在组合导航智能容错与故障检测方面的应用问题, 其中包含作者的部分研究成果。 | |
| 510 | 1 | @aIntelligent fault tolerance and detection method for integrated navigation@zeng |
| 586 | @a | |
| 606 | 0 | @a组合导航@Azu he dao hang@x容错技术 |
| 606 | 0 | @a组合导航@Azu he dao hang@x故障检测 |
| 690 | @aTN967.2@v5 | |
| 701 | 0 | @a高运广@Agao yun guang@4著 |
| 701 | 0 | @a李峰@Ali feng@4著 |
| 701 | 0 | @a马长林@Ama chang lin@4著 |
| 701 | 0 | @a刘志国@Aliu zhi guo@4著 |
| 801 | 0 | @aCN@c20190805 |
| 905 | @a河南城建学院图书馆@dTN967.2@eG201@f2 | |
| 组合导航智能容错与故障检测方法/高运广 ... [等] 著.-西安:西安电子科技大学出版社,2019.07 |
| 192页:图;26cm |
| ISBN 978-7-5606-5302-0:CNY32.00 |
| 本书主要介绍了组合导航原理、技术与实现方法, 结合近些年来智能计算方法的发展, 重点讨论了遗传算法、模糊理论、神经网络、支持向量机在组合导航智能容错与故障检测方面的应用问题, 其中包含作者的部分研究成果。 |
| ● |
| 相关链接 |
|
|
|
正题名:组合导航智能容错与故障检测方法
索取号:TN967.2/G201
 
预约/预借
| 序号 | 登录号 | 条形码 | 馆藏地/架位号 | 状态 | 备注 |
| 1 | 1414860 | 214148607 | 自科库301/301自科库 101排1列4层/ [索取号:TN967.2/G201] | 在馆 | |
| 2 | 1414861 | 214148616 | 自科库301/301自科库 101排1列4层/ [索取号:TN967.2/G201] | 在馆 |